[Event "M.Chigorin Memorial -2016 "]
[Site "Ñàíêò-Ïåòåðáóðã "]
[Date "2016.10.15"]
[Round "1.34"]
[White "Aseev, Vladimir"]
[Black "Paravyan, David"]
[Result "0-1"]
[WhiteElo "2087"]
[BlackElo "2528"]
[PlyCount "152"]
[EventDate "2016.10.15"]

1. d4 f5 2. Nc3 Nf6 3. Nf3 c6 4. g3 e6 5. Bg2 d5 6. O-O Bd6 7. Bf4 O-O 8. Ne5
Nh5 9. Bc1 Qe8 10. e3 b6 11. Re1 Bb7 12. Ne2 Nd7 13. Nf4 Nxe5 14. Qxh5 Nf7 15.
Bh3 c5 16. b3 Rc8 17. Ba3 g6 18. Qe2 c4 19. Bxd6 Nxd6 20. Bg2 g5 21. Nh3 h6 22.
f4 g4 23. Nf2 Qb5 24. Qd2 a5 25. Bf1 Qc6 26. a4 cxb3 27. cxb3 Qc3 28. Qd1 Ne4
29. Nxe4 dxe4 30. Rc1 Qb4 31. Rc4 Rxc4 32. Bxc4 Bd5 33. Bxd5 exd5 34. Qc1 Rf7
35. Kf2 Qxb3 36. Qc6 Kg7 37. Re2 h5 38. Qe6 Qxa4 39. Qxd5 Rf6 40. Qb7+ Kf8 41.
d5 Qc4 42. Qb8+ Kg7 43. Qe5 Qc8 44. Qe7+ Kg6 45. Rd2 Qc3 46. Qe8+ Rf7 47. Qe6+
Qf6 48. Qe8 Qc3 49. Qe6+ Kg7 50. Qe5+ Qxe5 51. fxe5 Rd7 52. Ke1 a4 53. Kd1 b5
54. Kc1 b4 55. Rd4 b3 56. Kb2 Ra7 57. Rd1 Kf7 58. Rc1 Ke7 59. Rf1 Ra5 60. Rd1
a3+ 61. Kxb3 a2 62. d6+ Kd7 63. Ra1 Ra7 64. Kc4 Ke6 65. Kd4 Ra3 66. Kc4 Ra7 67.
Kc5 Kxe5 68. Kc6 Ke6 69. d7 Ke7 70. d8=Q+ Kxd8 71. Kd6 Ra5 72. Ke6 Kc7 73. Kf6
Kd6 74. Kg5 Ke5 75. Kh4 Kf6 76. h3 Ra8 0-1

[Event "M.Chigorin Memorial -2016 "]
[Site "Ñàíêò-Ïåòåðáóðã "]
[Date "2016.10.15"]
[Round "1.35"]
[White "Xu, Yinglun"]
[Black "Nasibullin, Iskander"]
[Result "1-0"]
[WhiteElo "2526"]
[BlackElo "2085"]
[PlyCount "123"]
[EventDate "2016.10.15"]

1. d4 d5 2. c4 e6 3. Nc3 c5 4. cxd5 exd5 5. Nf3 Nc6 6. g3 Nf6 7. Bg2 Be7 8. O-O
O-O 9. dxc5 Bxc5 10. Bg5 d4 11. Bxf6 Qxf6 12. Nd5 Qd8 13. Nd2 a6 14. Rc1 Ba7
15. Nf4 Ne5 16. Qb3 Rb8 17. Nc4 Nxc4 18. Qxc4 Bd7 19. Bf3 Bb5 20. Qb3 Qd7 21.
Qb4 Rfd8 22. Rfd1 Rbc8 23. b3 h6 24. Qa5 Re8 25. Qd2 Bc6 26. Bxc6 Rxc6 27. Rxc6
Qxc6 28. Rc1 Qd6 29. Rc2 Bb6 30. Qd3 Qb4 31. Kg2 Qd6 32. Qf3 Qd7 33. Nd3 Re6
34. Qf5 g6 35. Qf3 Kg7 36. Nf4 Re5 37. h4 Qf5 38. Nd3 Qxf3+ 39. Kxf3 Re8 40. g4
Kf6 41. Rc4 Rd8 42. Rb4 Rd6 43. Nb2 Bd8 44. Rxb7 Kg7 45. Nc4 Re6 46. h5 gxh5
47. gxh5 Rf6+ 48. Kg2 Rf5 49. Rd7 Bf6 50. Nd6 Rg5+ 51. Kf1 Rxh5 52. Ne8+ Kg6
53. Rd6 Rf5 54. Rxa6 Kg5 55. Rxf6 Rxf6 56. Nxf6 Kxf6 57. a4 Ke5 58. a5 Kd5 59.
b4 f5 60. a6 Kc6 61. b5+ Kb6 62. f4 1-0

[Event "M.Chigorin Memorial -2016 "]
[Site "Ñàíêò-Ïåòåðáóðã "]
[Date "2016.10.15"]
[Round "1.36"]
[White "Protopopova, Anastasiya"]
[Black "Brodsky, Michail"]
[Result "0-1"]
[WhiteElo "2082"]
[BlackElo "2524"]
[PlyCount "64"]
[EventDate "2016.10.15"]

1. Nf3 Nf6 2. c4 b6 3. g3 Bb7 4. Bg2 e6 5. O-O Be7 6. Nc3 O-O 7. Re1 d5 8. cxd5
Nxd5 9. e4 Nxc3 10. bxc3 Nc6 11. d4 Na5 12. Ne5 Bd6 13. Bf4 Qe8 14. Qg4 f6 15.
Nd3 e5 16. Bh6 Qf7 17. Bd2 Rad8 18. Rad1 Bc8 19. Qe2 Qxa2 20. f4 Ba6 21. Bf1
Qe6 22. Qf3 Bc4 23. Be3 Qe7 24. Ra1 Kh8 25. Bf2 c6 26. Qh5 Bf7 27. Qh4 Qc7 28.
Bh3 Be7 29. Qg4 exd4 30. cxd4 Nb3 31. Rad1 Nxd4 32. e5 f5 0-1

[Event "M.Chigorin Memorial -2016 "]
[Site "Ñàíêò-Ïåòåðáóðã "]
[Date "2016.10.15"]
[Round "1.37"]
[White "Gabrielian, Artur"]
[Black "Dmitriev, Vladimir"]
[Result "1-0"]
[WhiteElo "2524"]
[BlackElo "2081"]
[PlyCount "89"]
[EventDate "2016.10.15"]

1. e4 c6 2. d4 d5 3. e5 Bf5 4. Nf3 e6 5. Be2 Be7 6. O-O h5 7. Nbd2 g5 8. c4 Nd7
9. Ne1 g4 10. cxd5 cxd5 11. Nb3 Nh6 12. Nd3 Rc8 13. Bd2 Bg5 14. Ndc5 Nxc5 15.
Nxc5 Bxd2 16. Qxd2 Rc7 17. Rac1 h4 18. Qb4 O-O 19. Nxb7 Qb8 20. Rxc7 Qxc7 21.
Nd6 Rb8 22. Qd2 Kh7 23. Rc1 Qe7 24. Nxf5 Nxf5 25. Bxg4 Nh6 26. Be2 Rg8 27. Bd3+
Kg7 28. h3 Rb8 29. a3 Rb7 30. b4 f6 31. exf6+ Qxf6 32. Qe3 Nf7 33. Rc6 Re7 34.
b5 Nd8 35. Rc8 Nf7 36. f4 Rb7 37. a4 Qe7 38. Qe2 Nh6 39. a5 Qf6 40. Qe5 Qxe5
41. fxe5 Ng8 42. a6 Rf7 43. Rc6 Ne7 44. Rc7 Kf8 45. b6 1-0

[Event "M.Chigorin Memorial -2016 "]
[Site "Ñàíêò-Ïåòåðáóðã "]
[Date "2016.10.15"]
[Round "1.38"]
[White "Lavrinovitsh, Denis"]
[Black "Lintchevski, Daniil"]
[Result "1/2-1/2"]
[WhiteElo "2081"]
[BlackElo "2522"]
[PlyCount "80"]
[EventDate "2016.10.15"]

1. e4 c5 2. c4 Nc6 3. Nc3 g6 4. g3 Bg7 5. Bg2 e6 6. Nge2 Nge7 7. d3 d6 8. O-O
O-O 9. Rb1 b6 10. Be3 Nd4 11. Qd2 Bb7 12. Bh6 Bxh6 13. Qxh6 Nec6 14. Nxd4 Nxd4
15. Qe3 Qd7 16. Ne2 e5 17. Nxd4 exd4 18. Qd2 f5 19. Bh3 Rae8 20. Rbe1 Qc6 21.
f3 Bc8 22. Kg2 fxe4 23. fxe4 Bxh3+ 24. Kxh3 b5 25. b3 b4 26. Qg5 a5 27. Rf4
Qd7+ 28. Kg2 Rxf4 29. gxf4 Qe6 30. Rf1 Rf8 31. h4 Qf6 32. Qd5+ Kg7 33. Kg3 Qe7
34. Rf2 Rf7 35. Qa8 Qe6 36. Qd8 h6 37. Rf3 Qd7 38. Qxd7 Rxd7 39. f5 Rf7 40.
fxg6 Rxf3+ 1/2-1/2

[Event "M.Chigorin Memorial -2016 "]
[Site "Ñàíêò-Ïåòåðáóðã "]
[Date "2016.10.15"]
[Round "1.39"]
[White "Sviridov, Valery"]
[Black "Slugin, Yaroslav"]
[Result "1-0"]
[WhiteElo "2518"]
[BlackElo "2081"]
[PlyCount "55"]
[EventDate "2016.10.15"]

1. d4 Nf6 2. Nf3 g6 3. c4 Bg7 4. g3 c6 5. Bg2 O-O 6. O-O d5 7. cxd5 cxd5 8. Nc3
Nc6 9. Ne5 Be6 10. Nxc6 bxc6 11. Na4 Nd7 12. Bg5 f6 13. Be3 Bf7 14. Rc1 Rc8 15.
Bh3 e5 16. dxe5 fxe5 17. Nc5 Nxc5 18. Bxc5 Re8 19. Bxc8 Qxc8 20. Qa4 d4 21. e4
Bh6 22. Rc2 Be6 23. Bd6 Bh3 24. Rxc6 Qd7 25. Qc4+ Kh8 26. Rc7 Bxf1 27. Kxf1 Qe6
28. Qxe6 1-0

[Event "M.Chigorin Memorial -2016 "]
[Site "Ñàíêò-Ïåòåðáóðã "]
[Date "2016.10.15"]
[Round "1.40"]
[White "Bimiev, Ahmad"]
[Black "Ladva, Ottomar"]
[Result "0-1"]
[WhiteElo "2076"]
[BlackElo "2513"]
[PlyCount "52"]
[EventDate "2016.10.15"]

1. c4 Nf6 2. Nf3 e6 3. Nc3 d5 4. e3 c5 5. d4 a6 6. a4 Nc6 7. Be2 dxc4 8. Bxc4
cxd4 9. exd4 Be7 10. O-O O-O 11. Re1 Nb4 12. Bg5 b6 13. Qe2 Bb7 14. Ne5 Nfd5
15. Bxe7 Qxe7 16. Rac1 Nf4 17. Qg4 Nxg2 18. Re4 f5 19. Qxg2 fxe4 20. Re1 Rad8
21. Nxe4 Rxd4 22. Qg4 Rxc4 23. Nxc4 Nd3 24. Re2 Rf4 25. Qg2 Nxf2 26. Rxf2 Rxe4
0-1

[Event "M.Chigorin Memorial -2016 "]
[Site "Ñàíêò-Ïåòåðáóðã "]
[Date "2016.10.15"]
[Round "1.41"]
[White "Bajarani, Ulvi"]
[Black "Kamnev, Alexander"]
[Result "1-0"]
[WhiteElo "2512"]
[BlackElo "2073"]
[PlyCount "89"]
[EventDate "2016.10.15"]

1. d4 d5 2. c4 e6 3. Nc3 Be7 4. cxd5 exd5 5. Bf4 c6 6. e3 Bf5 7. g4 Be6 8. h3
Nd7 9. Nf3 Ngf6 10. Bd3 h6 11. Qd2 Qa5 12. Ne5 a6 13. Bg3 c5 14. Nxd7 Nxd7 15.
f4 c4 16. Be2 Nf6 17. O-O Bb4 18. f5 Bd7 19. Bf3 O-O 20. Be5 Bc6 21. h4 Nd7 22.
Bf4 f6 23. Qg2 Bxc3 24. bxc3 Rf7 25. g5 hxg5 26. hxg5 fxg5 27. Bxg5 Qxc3 28.
Bh5 Rf6 29. Bg6 Nf8 30. Bxf6 Qxe3+ 31. Rf2 gxf6 32. Qg4 Qg5 33. Qxg5 fxg5 34.
Bh5 Nh7 35. f6 Rf8 36. Raf1 Bb5 37. Bg4 Kf7 38. a4 Bxa4 39. Bf5 Nxf6 40. Bc2
Ke7 41. Bxa4 b5 42. Bc2 a5 43. Re1+ Kd6 44. Ra1 Nd7 45. Rxa5 1-0

[Event "M.Chigorin Memorial -2016 "]
[Site "Ñàíêò-Ïåòåðáóðã "]
[Date "2016.10.15"]
[Round "1.42"]
[White "Fukson, Sofija"]
[Black "Levin, Evgeny A"]
[Result "0-1"]
[WhiteElo "2069"]
[BlackElo "2505"]
[PlyCount "154"]
[EventDate "2016.10.15"]

1. d4 Nf6 2. Nf3 g6 3. Bg5 Bg7 4. Nbd2 d6 5. e3 h6 6. Bh4 g5 7. Bg3 Nh5 8. Bd3
e6 9. c3 Qe7 10. a4 Nd7 11. Nc4 f5 12. Nfd2 Ndf6 13. Qe2 Bd7 14. e4 Nxg3 15.
hxg3 fxe4 16. Nxe4 O-O 17. Nxf6+ Qxf6 18. O-O Bc6 19. Ne3 Kh8 20. Bc2 Qe7 21.
Qd3 Bf6 22. Qg6 Qg7 23. Qh5 Be8 24. Qh3 Bd7 25. Qh5 Be8 26. Qh3 Bf7 27. Qg4 h5
28. Qe4 d5 29. Qd3 c6 30. g4 Qh6 31. gxh5 Qxh5 32. Ng4 Bg8 33. Qg3 Bh7 34. Bxh7
Kxh7 35. Rae1 Rae8 36. f3 Bg7 37. Kf2 Kg8 38. Ne5 Rf4 39. Rh1 Rh4 40. Rxh4 gxh4
41. Qg6 Qxg6 42. Nxg6 Bf6 43. Rh1 b6 44. Nxh4 c5 45. Ke3 cxd4+ 46. cxd4 Rc8 47.
Ng6 Rc2 48. Nf4 Rxb2 49. Nxe6 Kf7 50. Nc7 Bg5+ 51. Kd3 Rb3+ 52. Kc2 Rb4 53.
Nxd5 Rxd4 54. Rd1 Rxa4 55. Nc3 Ra5 56. Ne4 Be7 57. Kb3 b5 58. Rd7 Ra3+ 59. Kb2
b4 60. Rb7 a5 61. Ra7 Ke6 62. g4 Bd8 63. Ra6+ Ke5 64. Nd2 Kd5 65. f4 Bc7 66.
Nb3 a4 67. Na1 Bxf4 68. Ra5+ Kc4 69. Nc2 Rb3+ 70. Ka2 Bc1 71. Nxb4 Kxb4 72. Ra8
Bf4 73. g5 Ra3+ 74. Kb1 Rg3 75. Ra7 Rg1+ 76. Ka2 Be5 77. Rb7+ Kc4 0-1

[Event "M.Chigorin Memorial -2016 "]
[Site "Ñàíêò-Ïåòåðáóðã "]
[Date "2016.10.15"]
[Round "1.43"]
[White "Iljiushenok, Ilia"]
[Black "Gorbatenko, Alexander"]
[Result "1-0"]
[WhiteElo "2505"]
[BlackElo "2067"]
[PlyCount "79"]
[EventDate "2016.10.15"]

1. e4 c5 2. Nf3 Nc6 3. Bb5 g6 4. Bxc6 dxc6 5. d3 Bg7 6. h3 e5 7. Be3 b6 8. Nc3
Ne7 9. Qd2 O-O 10. O-O-O f6 11. g4 Be6 12. Rhg1 Qd7 13. Qe2 Nc8 14. Nd2 Nd6 15.
a4 Qf7 16. b3 Kh8 17. Nf3 Qd7 18. Rg2 Rg8 19. Rdg1 Nb7 20. h4 b5 21. Nd2 a6 22.
Rh1 h6 23. g5 h5 24. gxf6 Bxf6 25. Rhg1 Bf7 26. Qf3 Qe7 27. Bg5 Bxg5 28. Rxg5
Rae8 29. Qg3 c4 30. Nf3 cxb3 31. Nxe5 Qf6 32. Nxf7+ Qxf7 33. Rxg6 Qxg6 34. Qxg6
Rxg6 35. Rxg6 Na5 36. f4 Kh7 37. Rg5 Kh6 38. Ne2 bxc2 39. Kxc2 Nb7 40. Ng3 1-0

[Event "M.Chigorin Memorial -2016 "]
[Site "Ñàíêò-Ïåòåðáóðã "]
[Date "2016.10.15"]
[Round "1.44"]
[White "Volkov, Roman"]
[Black "Matinian, Nikita"]
[Result "0-1"]
[WhiteElo "2067"]
[BlackElo "2495"]
[PlyCount "68"]
[EventDate "2016.10.15"]

1. e4 d6 2. d4 g6 3. Nc3 a6 4. Bc4 b5 5. Bd5 c6 6. Bb3 Bg7 7. Nf3 Nf6 8. e5
dxe5 9. Nxe5 O-O 10. O-O Bb7 11. Qe2 Nbd7 12. Rd1 e6 13. Bg5 Qc7 14. Nd3 c5 15.
Nxc5 Nxc5 16. dxc5 Qxc5 17. Be3 Qf5 18. Bd4 Rad8 19. f3 Ng4 20. Bb6 Rxd1+ 21.
Rxd1 Nf6 22. Qf2 Rc8 23. Be3 g5 24. Ne2 Nd5 25. Ng3 Qg6 26. Bd4 Nf4 27. Bxg7
Kxg7 28. Qd4+ Qf6 29. Qd7 Rb8 30. Qc7 Nh3+ 31. Kh1 Qxf3 32. Qe5+ Kg6 33. Rd2
Nf2+ 34. Rxf2 Qxf2 0-1

[Event "M.Chigorin Memorial -2016 "]
[Site "Ñàíêò-Ïåòåðáóðã "]
[Date "2016.10.15"]
[Round "1.45"]
[White "Moskalenko, Alexander"]
[Black "Lazhevskaya, Zhanni"]
[Result "1-0"]
[WhiteElo "2490"]
[BlackElo "2065"]
[PlyCount "77"]
[EventDate "2016.10.15"]

1. e4 e5 2. Nf3 Nc6 3. Bb5 Bc5 4. c3 f5 5. d4 fxe4 6. Nfd2 Bb6 7. Nxe4 Qh4 8.
Ng5 Nf6 9. O-O O-O 10. g3 Qg4 11. Qxg4 Nxg4 12. Bc4+ Kh8 13. Nf7+ Rxf7 14. Bxf7
exd4 15. Bh5 d6 16. Kg2 Nce5 17. cxd4 Bxd4 18. Nc3 Bd7 19. Bxg4 Nxg4 20. f3 Bc6
21. Bf4 Rf8 22. h3 Rxf4 23. gxf4 Ne3+ 24. Kg3 Nxf1+ 25. Rxf1 Kg8 26. Rc1 Kf7
27. b4 a6 28. a4 Bd7 29. Ne2 c5 30. Nxd4 cxd4 31. Rc7 d3 32. Kf2 Ke6 33. f5+
Ke7 34. Rxb7 Kd8 35. Ke3 Bxf5 36. Rxg7 Bxh3 37. Rxh7 Bd7 38. Rxd7+ Kxd7 39.
Kxd3 1-0

[Event "M.Chigorin Memorial -2016 "]
[Site "Ñàíêò-Ïåòåðáóðã "]
[Date "2016.10.15"]
[Round "1.46"]
[White "Tsapalin, Sergey"]
[Black "Esipenko, Andrey"]
[Result "0-1"]
[WhiteElo "2060"]
[BlackElo "2490"]
[PlyCount "90"]
[EventDate "2016.10.15"]

1. d4 Nf6 2. c4 e6 3. Nc3 Bb4 4. f3 c5 5. d5 O-O 6. e4 d6 7. Bd3 Nbd7 8. Nge2
Ne5 9. O-O exd5 10. Nxd5 Nxd5 11. exd5 a6 12. Bc2 Qh4 13. b3 Bd7 14. f4 Ng4 15.
h3 Rae8 16. Qd3 Nf6 17. Bb2 Ne4 18. f5 Bd2 19. Rad1 Bg5 20. Bc1 Bxc1 21. Rxc1
Qg5 22. Rce1 Bxf5 23. Qf3 Bg6 24. Bxe4 Bxe4 25. Qg3 Qxg3 26. Nxg3 Bd3 27. Rxe8
Rxe8 28. Rd1 Bc2 29. Rc1 Bg6 30. Kf2 b5 31. cxb5 axb5 32. a4 c4 33. bxc4 b4 34.
Ne2 b3 35. Nc3 b2 36. Re1 Rxe1 37. Kxe1 b1=Q+ 38. Nxb1 Bxb1 39. Kd2 Bf5 40. a5
Bc8 41. Kc3 Kf8 42. Kb4 Ba6 43. c5 Ke7 44. g3 f5 45. h4 g6 0-1

[Event "M.Chigorin Memorial -2016 "]
[Site "Ñàíêò-Ïåòåðáóðã "]
[Date "2016.10.15"]
[Round "1.47"]
[White "Golubov, Saveliy"]
[Black "Yanko, Ivan"]
[Result "1-0"]
[WhiteElo "2481"]
[BlackElo "2060"]
[PlyCount "73"]
[EventDate "2016.10.15"]

1. e4 c5 2. Nf3 d6 3. d4 cxd4 4. Nxd4 Nf6 5. Nc3 a6 6. Be2 e5 7. Nb3 Be7 8. O-O
O-O 9. Re1 Be6 10. Bf3 Nbd7 11. a4 Rc8 12. Nd2 Re8 13. Nf1 Nb6 14. Ne3 Bf8 15.
Ncd5 Bxd5 16. exd5 Qd7 17. b3 e4 18. Be2 Re5 19. Bb2 Rg5 20. Bxf6 gxf6 21. Qd4
f5 22. Qxb6 f4 23. Bg4 Rxg4 24. Nxg4 Qxg4 25. Rxe4 f5 26. Rb4 a5 27. Qxa5 Bg7
28. Rf1 Bc3 29. Qb5 Bxb4 30. Qxb4 Rxc2 31. h3 Qg5 32. Qxd6 f3 33. g3 Re2 34.
Qb8+ Kg7 35. Qxb7+ Kh6 36. Qa6+ Kh5 37. Qd3 1-0

[Event "M.Chigorin Memorial -2016 "]
[Site "Ñàíêò-Ïåòåðáóðã "]
[Date "2016.10.15"]
[Round "1.48"]
[White "Kiseleva, Arina"]
[Black "Abergel, Thal"]
[Result "0-1"]
[WhiteElo "2059"]
[BlackElo "2475"]
[PlyCount "52"]
[EventDate "2016.10.15"]

1. d4 Nf6 2. Nf3 e6 3. c4 d5 4. Nc3 Bb4 5. e3 O-O 6. Bd2 c5 7. a3 Bxc3 8. Bxc3
Ne4 9. Qc2 Nxc3 10. Qxc3 cxd4 11. exd4 dxc4 12. Bxc4 b6 13. O-O Bb7 14. Rad1
Na6 15. Ne5 Nc7 16. Qg3 Nd5 17. Bd3 Nf6 18. Rfe1 Rc8 19. Re3 Qxd4 20. Qh3 Ba6
21. Nf3 Qa4 22. Rde1 Bxd3 23. Rxd3 Qb5 24. Rd2 Rfd8 25. Rxd8+ Rxd8 26. b4 Qa4
0-1

[Event "M.Chigorin Memorial -2016 "]
[Site "Ñàíêò-Ïåòåðáóðã "]
[Date "2016.10.15"]
[Round "1.50"]
[White "Malinovsky, Ilya"]
[Black "Swayams, Mishra"]
[Result "0-1"]
[WhiteElo "2053"]
[BlackElo "2472"]
[PlyCount "92"]
[EventDate "2016.10.15"]

1. e4 e6 2. d4 d5 3. e5 c5 4. c3 Nc6 5. Be3 Qb6 6. Qd2 Bd7 7. Nf3 Rc8 8. Be2
Nh6 9. Bxh6 gxh6 10. O-O Bg7 11. Na3 O-O 12. Nc2 cxd4 13. cxd4 f6 14. exf6 Rxf6
15. Ne3 Rcf8 16. Ne5 Nxe5 17. dxe5 Rf4 18. Ng4 Qb4 19. Qxb4 Rxb4 20. b3 h5 21.
Nf6+ Bxf6 22. exf6 h4 23. Rac1 Bc6 24. h3 Rxf6 25. Bg4 e5 26. f3 Rd4 27. Rc2
Kg7 28. Re1 e4 29. Rf2 Kg6 30. fxe4 dxe4 31. Rc2 Rfd6 32. Rf2 Rf6 33. Rc2 Rd8
34. Rf1 Rd3 35. Rcf2 Rxf2 36. Rxf2 Rc3 37. Bf5+ Kg7 38. Re2 e3 39. Kh2 h6 40.
g3 Kf6 41. Bh7 Ke5 42. Bg6 Bf3 43. Re1 e2 44. gxh4 Kf4 45. Bf7 Rd3 46. Kg1 Kg3
0-1

[Event "M.Chigorin Memorial -2016 "]
[Site "Ñàíêò-Ïåòåðáóðã "]
[Date "2016.10.15"]
[Round "1.51"]
[White "Tran, Tuan Minh"]
[Black "Zubova, Mariya"]
[Result "0-1"]
[WhiteElo "2468"]
[BlackElo "2051"]
[PlyCount "66"]
[EventDate "2016.10.15"]

1. Nf3 Nf6 2. b3 g6 3. Bb2 Bg7 4. e3 O-O 5. Be2 b6 6. O-O Bb7 7. d4 c5 8. c4
cxd4 9. Nxd4 Nc6 10. Nd2 Nxd4 11. Bxd4 Rc8 12. Rc1 Re8 13. Bf3 d5 14. Be5 Qd7
15. Qe2 Ba6 16. Rfd1 Qe6 17. Bxf6 exf6 18. Qd3 dxc4 19. bxc4 Red8 20. Bd5 Qe7
21. g3 f5 22. Nf3 Rxd5 23. Qxd5 Bb7 24. Qd7 Qxd7 25. Rxd7 Bxf3 26. Kf1 Bf8 27.
h3 a5 28. Kg1 a4 29. Kh2 Ba3 30. g4 fxg4 31. Kg3 Be2 32. hxg4 Rxc4 33. Re1 Rc2
0-1

[Event "M.Chigorin Memorial -2016 "]
[Site "Ñàíêò-Ïåòåðáóðã "]
[Date "2016.10.15"]
[Round "1.52"]
[White "Sinitsina, Anastassia"]
[Black "Kharchenko, Boris"]
[Result "0-1"]
[WhiteElo "2047"]
[BlackElo "2464"]
[PlyCount "64"]
[EventDate "2016.10.15"]

1. e4 d6 2. d4 Nf6 3. Nc3 g6 4. f3 c6 5. Be3 b5 6. a3 Nbd7 7. Qd2 a6 8. O-O-O
Bb7 9. g4 Bg7 10. Bh6 Bxh6 11. Qxh6 Qa5 12. Qd2 O-O-O 13. Nge2 Kb8 14. g5 Ne8
15. Kb1 Nc7 16. Nc1 Qb6 17. Bh3 a5 18. N3e2 b4 19. a4 Ba6 20. b3 Rhf8 21. Ng3
c5 22. Bxd7 Rxd7 23. d5 e6 24. Nce2 exd5 25. exd5 f6 26. gxf6 Rxf6 27. Qe3 Rf8
28. Ne4 Rdf7 29. Ng5 Rf5 30. Ng3 Nxd5 31. Qd2 Nc3+ 32. Ka1 Rd5 0-1

[Event "M.Chigorin Memorial -2016 "]
[Site "Ñàíêò-Ïåòåðáóðã "]
[Date "2016.10.15"]
[Round "1.53"]
[White "Malakhov, Igor"]
[Black "Altshul, Raffael"]
[Result "1-0"]
[WhiteElo "2456"]
[BlackElo "2044"]
[PlyCount "84"]
[EventDate "2016.10.15"]

1. e4 c5 2. Nf3 Nc6 3. Nc3 e5 4. Bc4 Be7 5. d3 Nf6 6. Ng5 O-O 7. f4 exf4 8.
Bxf4 d6 9. O-O h6 10. Nf3 Na5 11. Qd2 Nxc4 12. dxc4 Be6 13. b3 a6 14. Rad1 b5
15. Bxd6 bxc4 16. e5 Nd7 17. Nd5 Bxd6 18. exd6 cxb3 19. axb3 Bxd5 20. Qxd5 Rc8
21. Rfe1 c4 22. bxc4 Nb6 23. Qb7 Rxc4 24. Rd2 Rc3 25. d7 Nc4 26. Rd4 Na5 27.
Qxa6 Rxc2 28. Qd3 Nc6 29. Qxc2 Nxd4 30. Nxd4 Qxd7 31. Nf3 Rc8 32. Qe4 Qa7+ 33.
Kh1 Qa2 34. h3 Qb3 35. Qf5 Rd8 36. Re7 Qd1+ 37. Kh2 Qb3 38. Ne5 Rf8 39. Qf4 Qd5
40. Qg3 Qd6 41. Rd7 Qe6 42. Rc7 Qb6 1-0

[Event "M.Chigorin Memorial -2016 "]
[Site "Ñàíêò-Ïåòåðáóðã "]
[Date "2016.10.15"]
[Round "1.54"]
[White "Muhtarov, Leonid"]
[Black "Nasuta, Grzegorz"]
[Result "0-1"]
[WhiteElo "2044"]
[BlackElo "2454"]
[PlyCount "82"]
[EventDate "2016.10.15"]

1. Nf3 Nf6 2. g3 g6 3. Bg2 Bg7 4. O-O d5 5. d3 O-O 6. Nbd2 c5 7. e4 Nc6 8. c3
b6 9. Re1 Bb7 10. e5 Ne8 11. Nf1 Nc7 12. h4 d4 13. c4 Ne6 14. N1h2 Qc7 15. Qe2
Rae8 16. Ng4 h5 17. Ngh2 f6 18. Bh3 Bc8 19. Bd2 Nxe5 20. Nxe5 fxe5 21. Qe4 Kh7
22. Bg2 Rf5 23. Rf1 Ref8 24. Rae1 Nd8 25. Qe2 Bb7 26. Be4 Bxe4 27. dxe4 R5f7
28. f4 exf4 29. gxf4 Bh6 30. e5 Bxf4 31. Nf3 Bxd2 32. Nxd2 Ne6 33. Rxf7+ Rxf7
34. Ne4 Qxe5 35. Kh1 Qf4 36. Qh2 Kg7 37. Kg1 Qg4+ 38. Ng3 Rf3 39. Rxe6 Rxg3+
40. Kf2 Rf3+ 41. Ke2 Rh3+ 0-1

[Event "M.Chigorin Memorial -2016 "]
[Site "Ñàíêò-Ïåòåðáóðã "]
[Date "2016.10.15"]
[Round "1.55"]
[White "Tsydypov, Zhamsaran"]
[Black "Zemnitskiy, Alexander"]
[Result "1-0"]
[WhiteElo "2451"]
[BlackElo "2044"]
[PlyCount "81"]
[EventDate "2016.10.15"]

1. e4 c5 2. Nf3 d6 3. Bb5+ Bd7 4. a4 Bc6 5. Nc3 a6 6. Bc4 e6 7. d4 Bxe4 8. Nxe4
d5 9. dxc5 dxe4 10. Qxd8+ Kxd8 11. Ng5 Ke8 12. Nxe4 Nd7 13. Be3 Rc8 14. b4 Ngf6
15. Nxf6+ gxf6 16. f4 Bg7 17. O-O-O f5 18. Rd3 Nf6 19. Bd4 Rg8 20. Re1 Ne4 21.
Bxg7 Rxg7 22. g3 h5 23. Rde3 h4 24. Bd3 hxg3 25. Bxe4 fxe4 26. Rxg3 Rxg3 27.
hxg3 f5 28. Rh1 Kd7 29. Rh7+ Kc6 30. Re7 Kd5 31. Rxb7 e3 32. Rb6 Ke4 33. Rxe6+
Kf3 34. c6 Kf2 35. b5 axb5 36. axb5 e2 37. Kd2 Rd8+ 38. Kc3 Ra8 39. b6 Ra6 40.
c7 Rxb6 41. Rxe2+ 1-0

[Event "M.Chigorin Memorial -2016 "]
[Site "Ñàíêò-Ïåòåðáóðã "]
[Date "2016.10.15"]
[Round "1.56"]
[White "Anu, Bayar"]
[Black "Enkhnar, Enkhbaatar"]
[Result "1/2-1/2"]
[WhiteElo "2038"]
[BlackElo "2451"]
[PlyCount "40"]
[EventDate "2016.10.15"]

1. d4 Nf6 2. c4 e6 3. Nc3 d5 4. cxd5 exd5 5. Bg5 c6 6. Qc2 Bd6 7. e3 h6 8. Bxf6
gxf6 9. Bd3 h5 10. O-O-O Na6 11. Bxa6 bxa6 12. e4 Be6 13. Nge2 Qa5 14. f4 Rb8
15. e5 fxe5 16. dxe5 Ba3 17. Na4 Be7 18. Nac3 Ba3 19. Na4 Be7 20. Nac3 Ba3
1/2-1/2

[Event "M.Chigorin Memorial -2016 "]
[Site "Ñàíêò-Ïåòåðáóðã "]
[Date "2016.10.15"]
[Round "1.57"]
[White "Shevchenko, Kirill"]
[Black "Zaika, Daniil"]
[Result "1-0"]
[WhiteElo "2447"]
[BlackElo "2038"]
[PlyCount "81"]
[EventDate "2016.10.15"]

1. e4 e6 2. d4 d5 3. Nd2 Nf6 4. e5 Nfd7 5. Bd3 c5 6. c3 Nc6 7. Ne2 cxd4 8. cxd4
f6 9. exf6 Qxf6 10. Nf3 h6 11. O-O Bd6 12. Ng3 O-O 13. Bc2 Rf7 14. Nh5 Qd8 15.
Bg6 Rf8 16. Re1 Nb6 17. Bb1 Qe8 18. Ng3 Qf7 19. h4 Bd7 20. Qd3 Rfc8 21. a3 Ne7
22. b3 Nf5 23. Nxf5 Qxf5 24. Qxf5 exf5 25. Bd2 Re8 26. Rxe8+ Rxe8 27. a4 Nc8
28. Bd3 a6 29. h5 Bb8 30. Rc1 Nd6 31. Bf4 Ne4 32. Bxb8 Rxb8 33. Rc7 Nf6 34. Ne5
Be8 35. Bxf5 Bxh5 36. g4 Be8 37. Be6+ Kf8 38. f4 b5 39. a5 Rd8 40. Ra7 Rd6 41.
Bc8 1-0

[Event "M.Chigorin Memorial -2016 "]
[Site "Ñàíêò-Ïåòåðáóðã "]
[Date "2016.10.15"]
[Round "1.58"]
[White "Petrochenko, Maria"]
[Black "Venkatesh, M.R."]
[Result "1/2-1/2"]
[WhiteElo "2037"]
[BlackElo "2444"]
[PlyCount "89"]
[EventDate "2016.10.15"]

1. b4 Nf6 2. Bb2 e6 3. b5 b6 4. Nf3 Bb7 5. e3 d6 6. d4 Nbd7 7. Be2 g6 8. c4 Bg7
9. Nbd2 O-O 10. O-O Ne8 11. a4 f5 12. Ne1 e5 13. Qb3 Kh8 14. g3 Nef6 15. Bf3 e4
16. Be2 Qe8 17. a5 Rb8 18. axb6 axb6 19. Ng2 g5 20. f3 exf3 21. Bxf3 Ne4 22.
Nxe4 Bxe4 23. Bxe4 Qxe4 24. Rad1 Nf6 25. Qd3 Qxd3 26. Rxd3 Ne4 27. Ra1 d5 28.
cxd5 Rfd8 29. Ra7 Rbc8 30. Rb3 Rxd5 31. Ba3 h6 32. Ne1 f4 33. gxf4 gxf4 34. Nf3
fxe3 35. Rxe3 Ng5 36. Kg2 Rxb5 37. Ne5 Rg8 38. Kf2 c5 39. d5 c4 40. Ng6+ Kh7
41. Nf8+ Kh8 42. Ng6+ Kh7 43. Nf8+ Kh8 44. Ng6+ Kh7 45. Nf8+ 1/2-1/2

[Event "M.Chigorin Memorial -2016 "]
[Site "Ñàíêò-Ïåòåðáóðã "]
[Date "2016.10.15"]
[Round "1.59"]
[White "Lovkov, Roman"]
[Black "Minbayev, Bolatbek"]
[Result "1-0"]
[WhiteElo "2441"]
[BlackElo "2034"]
[PlyCount "65"]
[EventDate "2016.10.15"]

1. d4 f5 2. g3 Nf6 3. Bg2 g6 4. Nf3 Bg7 5. O-O O-O 6. b3 d6 7. Bb2 a5 8. c4 e6
9. Nbd2 Na6 10. a3 Rb8 11. Bc3 c6 12. Qc2 Bd7 13. e4 fxe4 14. Nxe4 Nxe4 15.
Qxe4 c5 16. Qe3 cxd4 17. Nxd4 Qe7 18. Bxa5 Nc5 19. Rad1 Ra8 20. Bb4 Rfe8 21.
Rfe1 Na6 22. Bxb7 Nxb4 23. axb4 Rab8 24. Nc6 Bxc6 25. Bxc6 Rec8 26. b5 e5 27.
Ra1 Kh8 28. Ra7 Rc7 29. Rxc7 Qxc7 30. Ra1 Bf6 31. Ra7 Qb6 32. Qxb6 Rxb6 33. Rd7
1-0

[Event "M.Chigorin Memorial -2016 "]
[Site "Ñàíêò-Ïåòåðáóðã "]
[Date "2016.10.15"]
[Round "1.60"]
[White "Korobitsyn, Daniil"]
[Black "Kozionov, Kirill"]
[Result "0-1"]
[WhiteElo "2028"]
[BlackElo "2439"]
[PlyCount "116"]
[EventDate "2016.10.15"]

1. e4 c5 2. Nf3 e6 3. d3 Nc6 4. g3 d5 5. Nbd2 Nf6 6. Bg2 Be7 7. O-O b6 8. e5
Nd7 9. Re1 Bb7 10. Nf1 Qc7 11. Bf4 O-O-O 12. Ne3 Nf8 13. c4 d4 14. Nc2 Ng6 15.
Bd2 h6 16. a3 Nf8 17. b4 g5 18. bxc5 Bxc5 19. Nb4 Ne7 20. a4 a5 21. Nc2 Nfg6
22. Na3 g4 23. Nb5 Qd7 24. Nh4 Nxh4 25. gxh4 Nf5 26. Bf4 Nxh4 27. Bxb7+ Qxb7
28. Re4 Nf3+ 29. Kf1 Ng5 30. Bxg5 hxg5 31. Qxg4 Rxh2 32. Ke2 Rh4 33. Qf3 Rxe4+
34. dxe4 d3+ 35. Kf1 Qd7 36. Rd1 Kb8 37. Kg2 d2 38. Nd6 f6 39. Qxf6 Bxd6 40.
exd6 Qxd6 41. Qxg5 e5 42. f3 Kc7 43. Kf2 Kc6 44. Ke2 Qd3+ 45. Kf2 Qd4+ 46. Ke2
Qxc4+ 47. Kf2 Qd4+ 48. Ke2 Rd6 49. Qf5 Rd7 50. Qe6+ Kc5 51. Qf6 Kb4 52. Qf8+
Kxa4 53. Qg8 Qd3+ 54. Kf2 Kb5 55. Qe8 Qd4+ 56. Ke2 Kb4 57. Rb1+ Ka3 58. Qf8+
Qd6 0-1